000 00808nam a2200253Ia 4500
001 8645
003 GE_BSU
008 181216s||||||||xx |||||||||||||| ||und||
040 _cGE_BSU
080 _a821.353.1-1
100 _aთურმანიძე, მიხეილ
245 _aაზრი
245 _bწერილები, ლექსები
245 _cშეადგ: ზურაბ ზოიძემ; რედ.: ვასო ხიმშიაშვილი.
260 _aბათუმი
260 _bმთიანეთის გამოც.
260 _c2008
300 _a50 გვ; 19 სმ
300 _bფ. პორტრ.
541 _h2 ლ.
653 _aაზრი
653 _aწერილები, ლექსები
942 _cBK
999 _c41961
_d41961